00851nam a22001815i 4500001000700000003000900007005001700016008004100033040003000074100002100104245013300125260008100258300002100339500007700360500001900437700003100456852018200487162073ES-MaACL20230906212424.0000118s1863 sp |||| | spa d aCCPB | B bspa cCCPB | B1 aPicón, José.13aLa doble vista b: zarzuela maravillosa en un acto y en verso /cletra de José Picón ; música de Ignacio Agustín Campos. aMadrid : bCentro General de Administración, c1863 (fCristobal Gonzalez) a49 p. ; c18 cm. aEn port.: Estrenada en el Teatro de la Zarzuela el 7 de octubre de 1863. aSolo la letra.1 aCampos, Ignacio Agustín. aES-MaACLjF-8632(8) z-- Enc. pasta española q-- Falto de la cub. originalz-- Enc. en un vol. facticio formando parte de la col. facticia "Teatro español moderno", vol. 87